Carregant...

Submarine canyons and other sea valleys

Dades bibliogràfiques
Autor principal: Shepard, Francis P; Dill, Robert F
Format: Printed Book
Publicat: Rand Mcnally & Co., Chicago 1966
Matèries:
LEADER 00552nam a2200193 4500
020
082 |a 551.442 SHE-S 
100 |a Shepard, Francis P; Dill, Robert F 
245 |a Submarine canyons and other sea valleys 
250
260 |a Rand Mcnally & Co., Chicago  |c 1966 
300 |a 380 
490
500
590 |a adithyadev  |b 2011-04-07 09:08:54 
650 |a Canyons - Valleys 
942 |c BK 
999 |c 95200  |d 95200 
952 |0 0  |1 0  |4 0  |6 551_442000000000000_SHES  |7 0  |9 108668  |a AQU  |b AQU  |l 0  |o 551.442 SHE-S  |p AQU01477  |r 2019-09-25  |w 2019-09-25  |y BK